000
00335nam a2200145Ia 4500
008
191206s9999 xx 000 0 und d
020
_a
3546002369
090
_a
PT2671.N327
245
0
_a
Evas Cousine: Roman
250
_a
2. Aufl.
260
_a
Claassen
260
_c
c2000
300
_a
366 p. ; 22 cm.
999
_c
15934
_d
15934